00487cam a22001931 4500001001300000003000400013005001700017008004100034010001700075035002000092040003200112042001200144050001800156100002900174245000800203260004100211300002600252999001500278af 48002217 DLC20260227110854.0890401s1944 gw a 000 1 ger c aaf 48002217  a(OCoLC)19486016 aYale Univ. LibrarycCUdDLC apremarc00aPT2605.E8bE71 aCetto, Gitta von,d1908-10aEr. aHamburg,bHammerich & Lesserc[1944] a80 p.billus.c19 cm. c4926d4926